000 00335nam a2200133Ia 4500
008 230818s1999 xx 000 0 und d
041 _aeng
100 _aChon
245 _aWel come to hospitality of Introduction
260 _bDelmar pub .
_c1999
300 _a466p
520 _aGeneral | Hard Board
999 _c854793
_d854793
650 _aHotel Front office